States with the Most Jollibee Locations Quiz - Statistics

General Stats
  • This quiz has been taken 78 times
    42 since last reset
  • The average score is 7 of 10
Answer Stats
# State % Correct
33 California
97%
7 Texas
94%
7 New York
90%
4 Florida
87%
3 Washington
81%
4 Nevada
77%
4 Illinois
61%
5 Hawaii
55%
6 New Jersey
55%
3 Virginia
42%
No matching quizzes found
Score Distribution
Percent of People with Each Score
Percentile by Number Answered
Your Score History
You have not taken this quiz since the last reset